Problems of tourism industry strategy creation as component patr if Czech Republic economy development

Postavenie turizmu a cestovného ruchu v odvetviach ekonomiky. Medzinárodná organizácia turizmu (The United Nations World Tourism Organization - UNWTO). Charakteristické vlastnosti a členenie českého turistického regiónu. Destinácie a súčasná stratégia cestovného ruchu v ČR.

Salvato in:
Dettagli Bibliografici
Autore principale: Lacina, Karel
Natura: Capitolo di libro
Lingua:inglese
Soggetti:
Tags: Aggiungi Tag
Nessun Tag, puoi essere il primo ad aggiungerne!!

MARC

LEADER 00000naa$a2200000$$$4500
001 0114380
005 20230908080231.6
041 0 |a eng 
044 |a CZ 
245 1 0 |a Problems of tourism industry strategy creation as component patr if Czech Republic economy development  |c Karel Lacina 
520 |a Postavenie turizmu a cestovného ruchu v odvetviach ekonomiky. Medzinárodná organizácia turizmu (The United Nations World Tourism Organization - UNWTO). Charakteristické vlastnosti a členenie českého turistického regiónu. Destinácie a súčasná stratégia cestovného ruchu v ČR. 
610 2 0 |a Česko 
610 2 0 |a ruch cestovný 
610 2 0 |a politika ruchu cestovného 
610 2 0 |a kancelárie cestovné 
610 2 0 |a sprievodcovia 
610 2 0 |a turistika 
610 2 0 |a zariadenia rekreačné 
100 1 |a Lacina, Karel